00542nam a2200193Ia 4500008004100000040000600041041001200047082001000059082000700069100002800076245002300104245002800127260000900155365002500164501002500189942000700214999001900221952010800240141004s9999 xx 000 0 und d ca aEnglish a630.2 bCL aG.S.L.H.V Prasada Rao aClimate and cashew cG.S.L.H.V Prasada Rao c2002 aRs. 100  aforestry  cBK c304333d304333 00104070aKAUCOFbKAUCOFcKAUg100.00l0o630.2 CLpKAU_COF-3497r2014-10-04 00:00:00w2014-10-04yBK